000 00500nam a2200145Ia 4500
008 100122s9999 xx 000 0 und d
082 _b46233
_a301.44
100 _aसावरकर विनायक दामोदर
245 _aजातीभेद ( क.क्र.26/4 )
260 _bमनोरमा प्रकाशन
_c1992
300 _a321
630 _aजातीभेद ( क.क्र.26/4 )
730 _aजातीभेद ( क.क्र.26/4 )
942 _cBOOK
999 _c425440
_d425437